Sports Quiz

Random Sports or WWE Quiz
Score 0/71 Timer 10:00
0 Plays Today
First PPV Answer % Correct
Royal RumbleBret Hart
94.4%
Royal RumbleDiesel
92.6%
Royal RumbleShawn Michaels
92.6%
Royal RumbleOwen Hart
92.6%
Royal RumbleRazor Ramon
91.7%
Royal RumbleThe Undertaker
88.9%
Royal Rumble123 Kid
88.9%
Royal RumbleBritish Bulldog
88.9%
SummerSlamIsaac Yankem
88%
Royal RumbleBam Bam Bigelow
82.4%
Royal RumbleMo
82.4%
SummerSlamHunter Hearst Helmsley
82.4%
Royal RumbleMabel
81.5%
WrestleMania XIYokozuna
81.5%
In Your House 1Jerry Lawler
81.5%
Royal RumbleBilly Gunn
78.7%
Royal RumbleBart Gunn
78.7%
Royal RumbleJeff Jarrett
77.8%
Royal RumbleLex Luger
77.8%
In Your House 3 DarkGoldust
77.8%
Royal RumbleIRS
76.9%
In Your House 1Sycho Sid
76.9%
Royal RumbleFatu
75%
Royal RumbleKwang
74.1%
Royal RumbleCrush
74.1%
In Your House 4Marty Jannetty
74.1%
Royal RumbleDoink the Clown
72.2%
Survivor SeriesAhmed Johnson
72.2%
Royal RumbleTatanka
70.4%
Royal RumbleBob Holly
68.5%
Royal RumbleHenry Godwinn
64.8%
Royal RumbleDr. Tom Prichard
63.9%
In Your House 2 DarkSkip
63.9%
WrestleMania XILawrence Taylor
63%
In Your House 1The Roadie
63%
In Your House 1 DarkKama
63%
First PPV Answer % Correct
In Your House 1Hakushi
59.3%
Royal RumbleKing Kong Bundy
58.3%
Royal RumbleBob Backlund
58.3%
Royal RumbleEli Blu
54.6%
Royal Rumble Jacob Blu
53.7%
Royal RumbleAdam Bomb
53.7%
Royal RumbleBushwhacker Luke
52.8%
SummerSlamAlundra Blayze
52.8%
In Your House 3Dean Douglas
52.8%
Royal RumbleBushwhacker Butch
51.9%
SummerSlamBarry Horowitz
50.9%
Royal RumbleDuke Droese
50%
Survivor Series DarkRocco Rock
50%
Royal RumbleAldo Montoya
46.3%
SummerSlamBertha Faye
46.3%
Royal RumbleJimmy Del Ray
45.4%
Royal RumbleRick Martel
45.4%
Royal RumbleSione
42.6%
Royal RumbleMantaur
37%
Royal RumbleSteven Dunn
37%
Royal RumbleTimothy Well
36.1%
In Your House 4 DarkRad Radford
35.2%
Royal Rumble (Dark)The Brooklyn Brawler
32.4%
Royal RumbleDick Murdoch
30.6%
In Your House 1 DarkJean-Pierre Lafitte
29.6%
Survivor Series DarkJohnny Grunge
29.6%
Survivor SeriesAja Kong
28.7%
In You House 5Buddy Landel
26.9%
In Your House 3Waylon Mercy
23.1%
Survivor SeriesLioness Asuka
16.7%
Survivor SeriesTomoko Watanabe
15.7%
Survivor SeriesChaparita Asari
14.8%
Survivor SeriesKyoko Inoue
13%
Survivor SeriesSakie Hasegawa
13%
Royal Rumble (Dark)Buck Quartermaine
10.2%
Remove Ads.
Support Sporcle.
Get the best of Sporcle when you Go Orange. This ad-free experience offers more features, more stats, and more fun while also helping to support Sporcle. Thank you for becoming a member.

You're not logged in!

Compare scores with friends on all Sporcle quizzes.
OR
Log In

Show Comments

Extras

Created Dec 16, 2018ReportNominate
Tags:WWE Quiz, 1996, competitor, PPV

Top Quizzes Today


Score Distribution

Your Account Isn't Verified!

In order to create a playlist on Sporcle, you need to verify the email address you used during registration. Go to your Sporcle Settings to finish the process.

Report this User

Report this user for behavior that violates our Community Guidelines.

Details: